LEADER 01401nam--2200433---450- 001 990001545630203316 005 20070418134243.0 035 $a000154563 035 $aUSA01000154563 035 $a(ALEPH)000154563USA01 035 $a000154563 100 $a20040329d1973----km-y0itay0103----ba 101 0 $aita 102 $aIT 105 $a||||||||001yy 200 1 $aDizionario della letteratura italiana contemporanea$f[a cura di Enzo Ronconi] 210 $aFirenze$cVallecchi$d1973 215 $a2 v.$d18 cm 225 2 $aTascabili Vallecchi$v34-35 327 1 $a : Movimenti letterari, scrittori ; : Repertorio 410 0$12001$aTascabili Vallecchi$v34-35 454 1$12001 461 1$1001-------$12001 606 0 $aLetteratura$zSec. 20.$xEnciclopedie e dizionari 676 $a803.51 702 1$aRONCONI,$bEnzo 801 0$aIT$bsalbc$gISBD 912 $a990001545630203316 951 $aPAP 447 I$bL.M.$cPAP 447 951 $aPAP 447 II$bL.M.$cPAP 447 951 $aVI.3.B. 1651/2(Varie coll. 104/35)$b53792 L.M.$cVarie Coll. 959 $aBK 969 $aUMA 979 $aSIAV6$b10$c20040329$lUSA01$h1817 979 $aPATRY$b90$c20040406$lUSA01$h1747 979 $aCOPAT3$b90$c20050113$lUSA01$h0950 979 $aCOPAT6$b90$c20070418$lUSA01$h1342 996 $aDizionario della letteratura italiana contemporanea$9485446 997 $aUNISA LEADER 01053nam--2200361---450- 001 990003687790203316 005 20120914113112.0 010 $a88-373-0156-1 035 $a000368779 035 $aUSA01000368779 035 $a(ALEPH)000368779USA01 035 $a000368779 100 $a20120914d1992----km-y0itay50------ba 101 0 $aita 102 $aIT 105 $aa---||||001yy 200 1 $aMuseo Pepoli$fGenevieve Bresc Bautier ... [et al.] 210 $aPalermo$cNovecento$d1992 215 $a125 p.$cill.$d24x22 cm 225 2 $aMusei di Sicilia 410 0$12001$aMusei di Sicilia 607 $aTrapani$xMuseo Pepoli$xCataloghi di esposizioni$2BNCF 676 $a708.58 700 1$aBRESC-BAUTIER,$bGeneviève$0416373 801 0$aIT$bsalbc$gISBD 912 $a990003687790203316 951 $aXII.2.C. 2202$b237871 L.M.$cXII.2.C.$d00316228 959 $aBK 969 $aUMA 979 $aPASSARO$b90$c20120914$lUSA01$h1128 979 $aPASSARO$b90$c20120914$lUSA01$h1131 996 $aMuseo Pepoli$91140380 997 $aUNISA